000 00614nam a2200193Ia 4500
003 GCL
008 140319s9999 xx 000 0 ara d
040 _aGCL /
_cGCL
082 0 4 _a341.4
_bم س
100 1 _aمدحت عباس خلوصى
245 1 0 _aالسفينة والقانون البحرى /
_cمدحت عباس خلوصى
260 _a[S.N] :
_bلجنة الاعلام والدراسات المستقبلية ،
_c1993
300 _a350 ص
490 _a
650 0 4 _aالقانون البحرى
650 0 4 _aالبحار
650 0 4 _aالقانون الدولى البحرى
942 _2ddc
_cBK
999 _c52658
_d52658